000 00399nam a2200169Ia 4500
005 20250626032400.0
008 240331s9999 xx 000 0 und d
020 _a9555531935
082 _bDHA
_a362
100 _aDharapriya,J.D
245 0 _aMathdrawya saha samajaya
260 _aWarakapola
_bAryan Publishers
_c2001
300 _a116 p .,
650 _aDrugs
650 _aSociety
942 _cL
999 _c5120
_d5120